000 00505cam a2200205 4500
001 45426
021 _b66151/93
090 _a45426
100 _a19960323d1995 m y0pory5003 ba
101 0 _apor
102 _aPT
200 1 _aO diário de um mago
_fPaulo Coelho
205 _a5.ª ed.
210 9 _aLisboa
_cPergaminho,
_d1995
215 _a246, [2] p.
_cil.
_d23 cm
225 2 _aAquarius
675 _a821.134.3(81)-31"19/20"
_vBN
_zpor
700 1 _aCoelho,
_bPaulo,
_f1947-
801 0 _aPT
_bBN
_gRPC
990 _cLIVROS